000 00441nam a2200181Ia 4500
001 2574
005 20260306144817.0
008 260306t2007||||xx |||||||||||||| ||spa||
041 _aESP
082 _a616.89143
_bW78
100 _aWoldt, Ansel L.
_eAUT
245 0 _aTerapia Gestalt:
_bhistoria, teoría y práctica
260 _c2007
300 _a394 páginas :
_c23 cm.
650 _aGEN
654 _aCPS
942 _cLIB
_dJUS
_fJUS
_2ddc
_n
999 _c2574
_d2574